000 00312nam a22001337a 4500
008 181024b xxu||||| |||| 00| 0 eng d
020 _a9780321722942
041 _aeng
080 _212 ED
_a573
100 _a11
101 _aBIO
245 _aExplorations In Basic Biology
_cGunstream.S
942 _2udc
_cBK
999 _c50771
_d50771